| 000 | 00448nam a2200181Ia 4500 | ||
|---|---|---|---|
| 008 | 180207s9999 xx 000 0 und d | ||
| 020 | _a9780857804303 | ||
| 050 | _bP266 2012 | ||
| 100 | _aParson, Nicola | ||
| 245 | _aCatch it, Kitty / | ||
| 245 | _cby Nicola Parson ; illustrated by Karen Sapp. | ||
| 260 | _aEngland : | ||
| 260 | _bIgloo, | ||
| 260 | _c2012 | ||
| 300 | _aunpaged : | ||
| 300 | _bcolor illustration ; | ||
| 300 | _c25cm. | ||
| 999 |
_c355480 _d355480 |
||